Southville International School and Colleges
Your cart is empty.
  • Cart
  • Lists
    Public lists Eva Luna New books Lux_list list_1
    Your lists Log in to create your own lists
  • Log in to your account
  • Your cookies
  • Search history
Southville International School and Colleges
  • Advanced search
  • Recent comments
  • Most popular
  • Libraries

Log in to your account

Log in with GOOGLE


If you do not have an external account, but do have a local account, you can still log in:

  1. Home
  2. MARC view: Helen keller :
Normal view MARC view ISBD view

Helen keller : (Record no. 10739)

[ view plain ]
MARC details
000 -LEADER
fixed length control field 00539nam a22001937a 4500
003 - CONTROL NUMBER IDENTIFIER
control field LC
005 - DATE AND TIME OF LATEST TRANSACTION
control field 20160222141508.0
008 - FIXED-LENGTH DATA ELEMENTS--GENERAL INFORMATION
fixed length control field 130909t xxu||||| |||| 00| 0 eng d
020 ## - INTERNATIONAL STANDARD BOOK NUMBER
International Standard Book Number 9780439660433
050 ## - LIBRARY OF CONGRESS CALL NUMBER
Classification number HV 1624
Item number .Sa116 2006
082 ## - DEWEY DECIMAL CLASSIFICATION NUMBER
Classification number FIC
Item number Sa1 2006
100 ## - MAIN ENTRY--PERSONAL NAME
Personal name Sabin, Francene
9 (RLIN) 17519
245 ## - TITLE STATEMENT
Title Helen keller :
Remainder of title girl of courage
Statement of responsibility, etc Francene Sabin and Joanne Mattern.
260 ## - PUBLICATION, DISTRIBUTION, ETC. (IMPRINT)
Place of publication, distribution, etc New York :
Name of publisher, distributor, etc Scholastic,
Date of publication, distribution, etc 2006.
300 ## - PHYSICAL DESCRIPTION
Extent 56 p. ;
Other physical details ill. ;
Dimensions 20 cm.
650 ## - SUBJECT ADDED ENTRY--TOPICAL TERM
Topical term or geographic name as entry element Fiction
9 (RLIN) 746
942 ## - ADDED ENTRY ELEMENTS (KOHA)
Source of classification or shelving scheme Library of Congress Classification
Koha item type Books
Holdings
Withdrawn status Lost status Source of classification or shelving scheme Damaged status Home library Current library Shelving location Date acquired Total Checkouts Full call number Barcode Date last seen Date checked out Copy number Price effective from Koha item type
    Library of Congress Classification   Luxembourg Library Luxembourg Library Fiction Section 09/09/2013 2 HV 1624 .Sa116 2006 18632 02/04/2020 02/03/2020 1 10/03/2013 Books

Helen keller :

APA

Sabin F., . (2006). Helen keller. New York: Scholastic.

Chicago

Sabin Francene, . 2006. Helen keller. New York: Scholastic.

Harvard

Sabin F., . (2006). Helen keller. New York: Scholastic.

MLA

Sabin Francene, . Helen keller. New York: Scholastic. 2006.

  • Place hold
  • Print
  • Cite
  • Add to your cart (remove)
  • Save record
    BIBTEX Dublin Core MARCXML MARC (non-Unicode/MARC-8) MARC (Unicode/UTF-8) MARC (Unicode/UTF-8, Standard) MODS (XML) RIS
  • More searches
    Search for this title in:
    Other Libraries (WorldCat) Other Databases (Google Scholar) Online Stores (Bookfinder.com) Open Library (openlibrary.org)

Exporting to Dublin Core...

SOUTHVILLE LIBRARY

Southville International School and Colleges Library

1281 Tropical Ave. Cor. Luxembourg St., BF Homes International, Las Pinas City

Tel. No. 8256374 / 252358 Loc. 117/146

Powered by Koha